The Egyptian Nubian : a study in social symbiosis / (Record no. 9099)

MARC details
000 -LEADER
fixed length control field 00831nac a22002291u 4500
010 ## - LIBRARY OF CONGRESS CONTROL NUMBER
LC control number 86215870
020 ## - INTERNATIONAL STANDARD BOOK NUMBER
International Standard Book Number 9774240561 (pbk.)
082 00 - DEWEY DECIMAL CLASSIFICATION NUMBER
Classification number 305.896062
Item number GEI
090 ## - LOCALLY ASSIGNED LC-TYPE CALL NUMBER (OCLC); LOCAL CALL NUMBER (OCLC)
-- 9099
-- 9099
100 ## - MAIN ENTRY--PERSONAL NAME
Personal name Geiser, Peter.
245 14 - TITLE STATEMENT
Title The Egyptian Nubian : a study in social symbiosis /
Statement of responsibility, etc Peter Geiser.
260 ## - PUBLICATION, DISTRIBUTION, ETC. (IMPRINT)
Place of publication, distribution, etc Cairo, Egypt :
Name of publisher, distributor, etc American University in Cairo Press,c1986.
Date of publication, distribution, etc c1986.
300 ## - PHYSICAL DESCRIPTION
Extent xiv, 254 p. :
Other physical details ill. ;
Dimensions 23 cm.
500 ## - GENERAL NOTE
General note Includes index.
500 ## - GENERAL NOTE
General note Distributer: Al-Ahram.
504 ## - BIBLIOGRAPHY, ETC. NOTE
Bibliography, etc Bibliography: p. 222-229.
511 ## - PARTICIPANT OR PERFORMER NOTE
Participant or performer note Catalogued by: Mahitab.
650 #0 - SUBJECT ADDED ENTRY--TOPICAL TERM
Topical term or geographic name as entry element Nubians
Geographic subdivision Egypt.
651 #0 - SUBJECT ADDED ENTRY--GEOGRAPHIC NAME
Geographic name Egypt
General subdivision Social conditions
Chronological subdivision 1952-
942 ## - ADDED ENTRY ELEMENTS (KOHA)
Item type Book - Borrowing
Call number prefix 305.896062GEI
Holdings
Withdrawn status Item status Damaged status Not for loan Home library Current library Shelving location Date acquired Source of acquisition Total Checkouts Total Renewals Full call number Barcode Date last seen Date last borrowed Koha item type
        Central Library Central Library First floor 08/04/2014 Purchase 3 5 305.896062GEI 000011009 15/07/2025 12/02/2019 Book - Borrowing